[Event "Doeberl Cup 59th"]
[Site "Canberra"]
[Date "2022.04.14"]
[Round "2"]
[White "Richards, Heather"]
[Black "Fernandez, Daniel Howard"]
[Result "0-1"]
[WhiteElo "2190"]
[BlackElo "2492"]
[PlyCount "66"]
[EventDate "2022.04.14"]
[EventType "swiss"]
[EventRounds "9"]
[EventCountry "AUS"]
[SourceTitle "CBM 207 Extra"]
[Source "ChessBase"]
[SourceDate "2022.05.31"]
[SourceVersion "1"]
[SourceVersionDate "2022.05.31"]
[SourceQuality "1"]

1. e4 c6 2. d4 d5 3. f3 e6 4. Be3 Qb6 5. Qc1 c5 6. c3 dxe4 7. Nd2 Nf6 8. Nxe4 Nxe4 9. fxe4 cxd4 10. cxd4 Bb4+ 11. Kf2 Nd7 12. Nf3 Nf6 13. Bd3 Ng4+ 14. Ke2 Bd7 15. Bg1 Bb5 16. Qd1 Rc8 17. a3 Be7 18. Ne1 0-0 19. Qd2 f5 20. e5 Bh4 21. h3 Bxe1 22. Kxe1 Bxd3 23. hxg4 Be4 24. Rc1 fxg4 25. Rc5 Qa6 26. Be3 b6 27. Rxc8 Rxc8 28. Rg1 Rc2 29. Qd1 Rxb2 30. Qxg4 Qa5+ 31. Kd1 Bc2+ 32. Kc1 Bf5 33. Qg5 Rb1# 0-1

[Event "Asia Nations online Cup (Women)"]
[Site "Chess.com INT"]
[Date "2020.10.17"]
[Round "5.4"]
[White "Nguyen, Thi Mai Hung"]
[Black "Richards, Heather"]
[Result "1-0"]
[WhiteElo "2258"]
[BlackElo "2190"]
[PlyCount "103"]
[EventDate "2020.10.11"]
[EventType "team-swiss (rapid)"]
[EventRounds "9"]
[EventCountry "IND"]
[SourceTitle "CBM 198 Extra"]
[Source "ChessBase"]
[SourceDate "2020.11.30"]
[SourceVersion "1"]
[SourceVersionDate "2020.11.30"]
[SourceQuality "1"]
[WhiteTeam "Vietnam (W)"]
[BlackTeam "Australia (W)"]
[WhiteTeamCountry "VIE"]
[BlackTeamCountry "AUS"]

1. d4 d6 2. Nf3 Nf6 3. g3 g6 4. Bg2 Bg7 5. 0-0 c6 6. a4 0-0 7. a5 Qc7 8. Re1 e5 9. e4 Nbd7 10. c3 Rb8 11. Nbd2 b6 12. axb6 Nxb6 13. dxe5 dxe5 14. Qe2 h6 15. Nc4 Nxc4 16. Qxc4 Be6 17. Qc5 Nd7 18. Qxa7 Rb7 19. Qe3 c5 20. Qe2 Rfb8 21. Nd2 c4 22. Bf1 Rc8 23. Rd1 Nc5 24. Qe3 Rd8 25. Rb1 Qc6 26. Be2 Bf8 27. Ra1 Na4 28. Ra2 Rdb8 29. Nf3 Bg7 30. Qd2 Nc5 31. Qc2 Qxe4 32. Qxe4 Nxe4 33. Ra5 Rb5 34. Rxb5 Rxb5 35. Kg2 Rd5 36. Nd2 Nxd2 37. Rxd2 Rxd2 38. Bxd2 Kf8 39. Be3 Ke7 40. f3 Kd6 41. h4 f5 42. Kf2 Kd5 43. Bf1 h5 44. f4 e4 45. Be2 Bf6 46. Bd1 Kc6 47. Ba4+ Kd6 48. Be8 Bd8 49. Bxg6 Ke7 50. Bxh5 Kf6 51. Be8 Be7 52. Bd4# 1-0

[Event "Asia Nations online Cup (Women)"]
[Site "Chess.com INT"]
[Date "2020.10.17"]
[Round "6.4"]
[White "Richards, Heather"]
[Black "Dauletova, Gulmira"]
[Result "1-0"]
[WhiteElo "2190"]
[BlackElo "2319"]
[PlyCount "85"]
[EventDate "2020.10.11"]
[EventType "team-swiss (rapid)"]
[EventRounds "9"]
[EventCountry "IND"]
[SourceTitle "CBM 198 Extra"]
[Source "ChessBase"]
[SourceDate "2020.11.30"]
[SourceVersion "1"]
[SourceVersionDate "2020.11.30"]
[SourceQuality "1"]
[WhiteTeam "Australia (W)"]
[BlackTeam "Kazakhstan (W)"]
[WhiteTeamCountry "AUS"]
[BlackTeamCountry "KAZ"]

1. e4 e5 2. Nc3 Nf6 3. g3 d5 4. exd5 Nxd5 5. Bg2 Nxc3 6. bxc3 Bd6 7. Nf3 0-0 8. 0-0 Nc6 9. d4 Re8 10. Be3 e4 11. Nd2 Bf5 12. Rb1 Qc8 13. c4 Bf8 14. c3 Nd8 15. Re1 c5 16. Qa4 Nc6 17. Qb5 b6 18. Rbd1 Bg4 19. Rc1 f5 20. f3 exf3 21. Nxf3 a6 22. Qb2 Bd6 23. Nd2 Rb8 24. Nb3 Ne7 25. Qf2 cxd4 26. cxd4 Bb4 27. Bd2 Bxd2 28. Qxd2 Qd7 29. d5 Ng6 30. Nd4 Ne5 31. Qc2 Rbc8 32. Qb3 Qd6 33. h3 Qc5 34. Qc3 Bh5 35. Kh2 Bg6 36. Ne6 Qd6 37. Qxe5 Qd7 38. Qd4 b5 39. c5 f4 40. Qxf4 Bf7 41. c6 Qa7 42. Qd4 Qb8 43. Qxg7# 1-0

[Event "Olympiad Women-43"]
[Site "Batumi"]
[Date "2018.09.30"]
[Round "6.12"]
[White "Richards, Heather"]
[Black "Rapport, Jovana"]
[Result "0-1"]
[WhiteElo "2259"]
[BlackElo "2348"]
[PlyCount "60"]
[EventDate "2018.09.24"]
[EventType "team-swiss"]
[EventRounds "11"]
[EventCountry "GEO"]
[SourceTitle "EXT 2020"]
[Source "ChessBase"]
[SourceDate "2019.10.17"]
[SourceVersion "1"]
[SourceVersionDate "2019.10.17"]
[SourceQuality "1"]
[WhiteTeam "Australia (W)"]
[BlackTeam "Serbia (W)"]
[WhiteTeamCountry "AUS"]
[BlackTeamCountry "SRB"]

1. e4 c6 2. d4 d5 3. Nc3 dxe4 4. Nxe4 Nf6 5. Nxf6+ exf6 6. c3 Bd6 7. Bd3 0-0 8. Qc2 Re8+ 9. Ne2 Kh8 10. Be3 Nd7 11. 0-0-0 Nf8 12. Rhg1 Be6 13. Kb1 b5 14. g4 Qd7 15. g5 f5 16. d5 Bxd5 17. Bxf5 Qc7 18. Rg4 Ng6 19. Nd4 a6 20. Be4 Bxe4 21. Rxe4 Bxh2 22. Rh1 Bd6 23. Nf5 c5 24. Qd3 Rxe4 25. Qxe4 Rd8 26. b4 cxb4 27. Bd4 Bf8 28. cxb4 Qc4 29. a3 Qb3+ 30. Bb2 Rd2 0-1

[Event "Gibraltar Masters 16th"]
[Site "Caleta"]
[Date "2018.01.28"]
[Round "6"]
[White "Bjerre, Jonas Buhl"]
[Black "Richards, Heather"]
[Result "1-0"]
[WhiteElo "2367"]
[BlackElo "2223"]
[PlyCount "101"]
[EventDate "2018.01.23"]
[EventType "swiss"]
[EventRounds "10"]
[EventCountry "GGB"]
[SourceTitle "CBM 183"]
[Source "ChessBase"]
[SourceDate "2018.03.14"]
[SourceVersion "1"]
[SourceVersionDate "2018.03.14"]
[SourceQuality "1"]

1. e4 d6 2. d4 Nf6 3. Nc3 c6 4. f4 Qa5 5. e5 Ne4 6. Qf3 Nxc3 7. Bd2 Bf5 8. Bd3 Bxd3 9. cxd3 Qd5 10. bxc3 e6 11. Qg3 c5 12. Nf3 dxe5 13. fxe5 cxd4 14. c4 Qd7 15. 0-0 h6 16. Rf2 Nc6 17. Raf1 0-0-0 18. Ne1 g5 19. Rxf7 Be7 20. Nc2 Rdf8 21. Rxf8+ Rxf8 22. Rxf8+ Bxf8 23. h4 Bg7 24. hxg5 Bxe5 25. Qh4 hxg5 26. Bxg5 Qf7 27. Ne1 Bg7 28. Nf3 Qf5 29. Qh5 Kc7 30. Nh4 Qe5 31. Qf7+ Kb6 32. Nf3 Qf5 33. Qxg7 Qxd3 34. Ne5 Qd1+ 35. Kh2 Qh5+ 36. Kg3 Qe2 37. Bf4 Qe1+ 38. Kg4 Qe2+ 39. Kh3 Nxe5 40. Bxe5 d3 41. Qc7+ Ka6 42. Qc5 Qh5+ 43. Kg3 Qg5+ 44. Kf3 Qh5+ 45. g4 Qh1+ 46. Kf2 Qh4+ 47. Bg3 Qf6+ 48. Ke3 b6 49. Qc8+ Ka5 50. Be1+ Ka4 51. Qa6# 1-0

[Event "Gibraltar Masters 16th"]
[Site "Caleta"]
[Date "2018.01.25"]
[Round "3"]
[White "Yankelevich, Lev"]
[Black "Richards, Heather"]
[Result "0-1"]
[WhiteElo "2456"]
[BlackElo "2223"]
[PlyCount "134"]
[EventDate "2018.01.23"]
[EventType "swiss"]
[EventRounds "10"]
[EventCountry "GGB"]
[SourceTitle "CBM 183"]
[Source "ChessBase"]
[SourceDate "2018.03.14"]
[SourceVersion "1"]
[SourceVersionDate "2018.03.14"]
[SourceQuality "1"]

1. d4 d6 2. e4 Nf6 3. Nc3 c6 4. f4 Qa5 5. Bd3 e5 6. Nf3 Nbd7 7. Be3 Be7 8. 0-0 0-0 9. Qe1 Qc7 10. Kh1 Re8 11. Nh4 b5 12. a3 a6 13. Nf5 Bf8 14. Qh4 Qd8 15. g4 exd4 16. Bxd4 c5 17. Bxf6 Qxf6 18. g5 Qe6 19. Nd5 Bb7 20. Nfe3 c4 21. Be2 Qxe4+ 22. Bf3 Qd4 23. Nf5 Qxb2 24. g6 fxg6 25. Rab1 Qxc2 26. Nd4 Qd3 27. Rbd1 Qxa3 28. Qg4 Nc5 29. h4 Rad8 30. h5 Ne4 31. Nc7 Nf6 32. Qg5 Bxf3+ 33. Rxf3 Re3 34. Nc2 Qa5 35. Nxe3 Qxc7 36. hxg6 hxg6 37. Rh3 d5 38. f5 d4 39. Ng2 Qe5 40. Qxg6 Qe2 41. Rg1 Qg4 42. Nf4 Qxf4 43. Qxf6 Qe4+ 44. Kh2 Bd6+ 45. Rhg3 Qe2+ 46. Kh3 Qh5+ 47. Kg2 Qe2+ 48. Kh3 Qh5+ 49. Kg2 Rd7 50. Qxd4 Qe2+ 51. Kh3 Qh2+ 52. Kg4 Qh4+ 53. Kxh4 Bxg3+ 54. Rxg3 Rxd4+ 55. Kg5 Kf7 56. Ra3 Rd6 57. Kf4 Kf6 58. Ke4 b4 59. Ra4 Rb6 60. Kd4 b3 61. Ra1 b2 62. Rb1 a5 63. Kxc4 a4 64. Kc3 a3 65. Kc2 Rb8 66. Rg1 a2 67. Rg6+ Kf7 0-1

[Event "Gibraltar Masters 16th"]
[Site "Caleta"]
[Date "2018.01.24"]
[Round "8"]
[White "Richards, Heather"]
[Black "Erenberg, Ariel"]
[Result "0-1"]
[WhiteElo "2223"]
[BlackElo "2382"]
[PlyCount "106"]
[EventDate "2018.01.23"]
[EventType "swiss"]
[EventRounds "10"]
[EventCountry "GGB"]
[SourceTitle "CBM 183"]
[Source "ChessBase"]
[SourceDate "2018.03.14"]
[SourceVersion "1"]
[SourceVersionDate "2018.03.14"]
[SourceQuality "1"]

1. e4 e5 2. Nc3 Nc6 3. g3 Bc5 4. Bg2 d6 5. Nge2 f5 6. d3 Nf6 7. Na4 Be6 8. Nxc5 dxc5 9. Nc3 Qd7 10. Be3 Nd4 11. Qd2 0-0-0 12. exf5 Bxf5 13. 0-0-0 Bg4 14. Bxd4 exd4 15. Ne2 Qe6 16. f3 Qxa2 17. Qg5 Rhe8 18. Rde1 Qa1+ 19. Kd2 Qa5+ 20. Kd1 Nd5 21. Qxg4+ Kb8 22. Nxd4 Ne3+ 23. Rxe3 Rxe3 24. Nb3 Qa2 25. Qc4 Qxb2 26. f4 c6 27. Nxc5 Re7 28. Kd2 Qd4 29. Qxd4 Rxd4 30. Re1 Rxe1 31. Kxe1 Rd6 32. Be4 a5 33. Kd2 b6 34. Na4 Kc7 35. c4 b5 36. cxb5 cxb5 37. Nc3 Kb6 38. h4 b4 39. Nd5+ Kc5 40. Ne3 h6 41. Bh7 Rd8 42. Bg6 Rb8 43. d4+ Kxd4 44. Nf5+ Kc5 45. Nxg7 a4 46. Kc2 b3+ 47. Kc3 a3 48. Ne6+ Kd5 49. Nc7+ Kd6 50. Na6 Rb6 51. Bd3 b2 52. Nb4 Rxb4 53. Kxb4 a2 0-1

[Event "Olympiad Women-42"]
[Site "Baku"]
[Date "2016.09.04"]
[Round "3.47"]
[White "Richards, Heather"]
[Black "Diaz, Maria MA"]
[Result "1-0"]
[WhiteElo "2199"]
[BlackElo "1928"]
[PlyCount "81"]
[EventDate "2016.09.02"]
[EventType "team-swiss"]
[EventRounds "11"]
[EventCountry "AZE"]
[SourceTitle "CBM 174 Extra"]
[Source "ChessBase"]
[SourceDate "2016.10.10"]
[SourceVersion "1"]
[SourceVersionDate "2016.10.10"]
[SourceQuality "1"]
[WhiteTeam "Australia (W)"]
[BlackTeam "Aruba (W)"]
[WhiteTeamCountry "AUS"]
[BlackTeamCountry "ARN"]

1. e4 e6 2. d4 d5 3. Nc3 dxe4 4. Nxe4 Nf6 5. Nxf6+ Qxf6 6. Nf3 h6 7. Be3 b6 8. Qd2 Bb7 9. Ne5 Bd6 10. 0-0-0 0-0 11. Ng4 Qh4 12. f3 Nd7 13. Bc4 c6 14. Rhe1 Rfe8 15. g3 Qh5 16. Kb1 Bf8 17. Bf4 b5 18. Bd3 a6 19. Ne5 Nxe5 20. Rxe5 Qxf3 21. Rf1 Qg4 22. Qg2 f5 23. Rfe1 Bd6 24. Bxf5 exf5 25. Rxe8+ Rxe8 26. Rxe8+ Kf7 27. Qe2 Qxe2 28. Rxe2 Bxf4 29. gxf4 g5 30. Kc1 Kf6 31. Kd2 Kf7 32. Re5 Bc8 33. Ke3 Be6 34. b3 Kf6 35. Rc5 Bd5 36. c4 Be4 37. Re5 Bb1 38. d5 cxd5 39. cxd5 Be4 40. d6 Bc6 41. Re7 1-0

[Event "Doeberl Cup 54th"]
[Site "Canberra"]
[Date "2016.03.25"]
[Round "4"]
[White "Richards, Heather"]
[Black "Bjelobrk, Igor"]
[Result "1/2-1/2"]
[WhiteElo "2186"]
[BlackElo "2392"]
[PlyCount "85"]
[EventDate "2016.03.24"]
[EventType "swiss"]
[EventRounds "9"]
[EventCountry "AUS"]
[SourceTitle "EXT 2018"]
[Source "ChessBase"]
[SourceDate "2017.10.13"]
[SourceVersion "1"]
[SourceVersionDate "2017.10.13"]
[SourceQuality "1"]

1. e4 e5 2. Nc3 Nc6 3. g3 Bc5 4. Bg2 d6 5. d3 Nge7 6. Be3 0-0 7. Nge2 f5 8. Bxc5 dxc5 9. Qd2 f4 10. gxf4 exf4 11. Nxf4 Nd4 12. 0-0-0 Qd6 13. Nfd5 Ng6 14. f4 Nxf4 15. e5 Qh6 16. Rdf1 Nde6 17. Ne7+ Kh8 18. Be4 Qg5 19. Nxc8 Raxc8 20. Bxb7 Rcd8 21. Re1 c4 22. Rhg1 Qh6 23. Be4 cxd3 24. cxd3 Nxd3+ 25. Bxd3 Nf4 26. Kb1 Rxd3 27. Qc2 Rh3 28. Rh1 Nd3 29. Re2 Qe6 30. Rd1 Nf4 31. Rf1 g5 32. Ne4 Qxe5 33. Ree1 Re8 34. a3 Nd3 35. Re2 Nf4 36. Ree1 Re7 37. Nxg5 Qxg5 38. Rxe7 Qxe7 39. Rxf4 Qe1+ 40. Ka2 Qe6+ 41. b3 Re3 42. Rf2 h6 43. Rg2 1/2-1/2

[Event "Doeberl Cup 54th"]
[Site "Canberra"]
[Date "2016.03.24"]
[Round "2"]
[White "Ikeda, Junta"]
[Black "Richards, Heather"]
[Result "1-0"]
[WhiteElo "2397"]
[BlackElo "2186"]
[PlyCount "57"]
[EventDate "2016.03.24"]
[EventType "swiss"]
[EventRounds "9"]
[EventCountry "AUS"]
[SourceTitle "CBM 171 Extra"]
[Source "ChessBase"]
[SourceDate "2016.04.26"]
[SourceVersion "1"]
[SourceVersionDate "2016.04.26"]
[SourceQuality "1"]

1. Nf3 d6 2. d4 Nf6 3. c4 g6 4. Nc3 Bf5 5. g3 Bg7 6. Bg2 c6 7. 0-0 0-0 8. Ne1 e5 9. d5 e4 10. Nc2 Qd7 11. Re1 cxd5 12. cxd5 Na6 13. Be3 Rac8 14. Bd4 b5 15. a3 Rfe8 16. Ne3 Nc7 17. Rc1 a6 18. Qd2 Re7 19. f3 exf3 20. exf3 Bh3 21. Bxf6 Bxf6 22. Ne4 Ne8 23. Bxh3 Qxh3 24. Ng4 Rxc1 25. Nexf6+ Nxf6 26. Nxf6+ Kg7 27. Rxc1 Qf5 28. Ng4 Re8 29. Qd4+ 1-0

[Event "NZL-ch op 123rd"]
[Site "Auckland"]
[Date "2016.01.08"]
[Round "7"]
[White "Koop, Thorben"]
[Black "Richards, Heather"]
[Result "1-0"]
[WhiteElo "2417"]
[BlackElo "2165"]
[PlyCount "55"]
[EventDate "2016.01.02"]
[EventType "swiss"]
[EventRounds "9"]
[EventCountry "NZL"]
[SourceTitle "CBM 170 Extra"]
[Source "ChessBase"]
[SourceDate "2016.02.25"]
[SourceVersion "1"]
[SourceVersionDate "2016.02.25"]
[SourceQuality "1"]

1. Nf3 Nf6 2. g3 d6 3. d4 g6 4. b3 c6 5. Bg2 Bg7 6. 0-0 0-0 7. Bb2 b5 8. Nbd2 Bf5 9. Re1 Qd7 10. e4 Bh3 11. e5 Nd5 12. Ne4 Bxg2 13. Kxg2 a5 14. c4 Nc7 15. Qc2 Nba6 16. Rad1 Rab8 17. exd6 exd6 18. d5 Nb4 19. Qd2 cxd5 20. Nf6+ Bxf6 21. Bxf6 Qf5 22. Be7 Rfc8 23. Nd4 Qd7 24. Bf6 dxc4 25. Re7 Qd8 26. Nf5 Ne6 27. Nh6+ Kf8 28. Rxf7+ 1-0

[Event "NZL-ch op 123rd"]
[Site "Auckland"]
[Date "2016.01.02"]
[Round "1"]
[White "Jackson, L Ross"]
[Black "Richards, Heather"]
[Result "1/2-1/2"]
[WhiteElo "1884"]
[BlackElo "2165"]
[PlyCount "63"]
[EventDate "2016.01.02"]
[EventType "swiss"]
[EventRounds "9"]
[EventCountry "NZL"]
[SourceTitle "CBM 170 Extra"]
[Source "ChessBase"]
[SourceDate "2016.02.25"]
[SourceVersion "1"]
[SourceVersionDate "2016.02.25"]
[SourceQuality "1"]

1. d4 e6 2. e4 d5 3. Nd2 Be7 4. Ngf3 Nf6 5. e5 Nfd7 6. Bd3 c5 7. c3 Nc6 8. 0-0 g5 9. dxc5 g4 10. Nd4 Ndxe5 11. Nxc6 bxc6 12. Nb3 h5 13. Be2 Rg8 14. f4 gxf3 15. Bxf3 Ba6 16. Be2 Bc4 17. Kh1 Ng4 18. h3 Bxb3 19. axb3 Bxc5 20. Qe1 Rh8 21. b4 Bd6 22. g3 Qc7 23. Kg2 Ne5 24. b5 h4 25. Ra6 Rg8 26. g4 Rb8 27. Qf2 Rb6 28. Rxb6 axb6 29. Qxh4 Ng6 30. Qf2 Rh8 31. Bg5 Bc5 32. Qg3 1/2-1/2

[Event "GBR-ch 102nd"]
[Site "Coventry"]
[Date "2015.08.01"]
[Round "6"]
[White "Lewis, Andrew P"]
[Black "Richards, Heather"]
[Result "1-0"]
[WhiteElo "2295"]
[BlackElo "2141"]
[PlyCount "85"]
[EventDate "2015.07.27"]
[EventType "swiss"]
[EventRounds "11"]
[EventCountry "ENG"]
[SourceTitle "CBM 167 Extra"]
[Source "ChessBase"]
[SourceDate "2015.09.14"]
[SourceVersion "1"]
[SourceVersionDate "2015.09.14"]
[SourceQuality "1"]

1. Nf3 Nc6 2. c4 e5 3. Nc3 Nf6 4. d3 Bb4 5. e4 0-0 6. g3 d6 7. Bg2 Nd4 8. h3 Be6 9. 0-0 Qd7 10. Kh2 Bxc3 11. bxc3 Nxf3+ 12. Qxf3 Qa4 13. Qe2 Nd7 14. f4 exf4 15. gxf4 f5 16. e5 c6 17. Rb1 Rab8 18. exd6 Rfe8 19. Be3 Qa3 20. Qf2 Qxd6 21. Bxa7 Ra8 22. Rxb7 Qxd3 23. Qd4 Qxc4 24. Qxc4 Bxc4 25. Rxd7 Bxf1 26. Bxf1 Re4 27. Kg3 h5 28. Bd4 h4+ 29. Kf3 Ra4 30. Bd3 Re1 31. Bc2 Ra5 32. Bb3+ Kf8 33. Rf7+ Ke8 34. Rxg7 c5 35. Bf6 Ra6 36. Be5 Kf8 37. Rf7+ Ke8 38. Rxf5 Rf1+ 39. Ke4 Rh1 40. Rh5 Rxh3 41. Kf5 Rh1 42. Be6 Ke7 43. Rh7+ 1-0

[Event "GBR-ch 102nd"]
[Site "Coventry"]
[Date "2015.07.29"]
[Round "3"]
[White "Richards, Heather"]
[Black "Williams, Simon Kim"]
[Result "0-1"]
[WhiteElo "2141"]
[BlackElo "2426"]
[PlyCount "50"]
[EventDate "2015.07.27"]
[EventType "swiss"]
[EventRounds "11"]
[EventCountry "ENG"]
[SourceTitle "CBM 167 Extra"]
[Source "ChessBase"]
[SourceDate "2015.09.14"]
[SourceVersion "1"]
[SourceVersionDate "2015.09.14"]
[SourceQuality "1"]

1. e4 c6 2. d4 d5 3. f3 Qb6 4. Nc3 e6 5. b3 Bb4 6. Bb2 Nf6 7. Qd3 0-0 8. 0-0-0 a5 9. h4 a4 10. Nxa4 Qc7 11. a3 b5 12. e5 Nh5 13. Nc5 Bxa3 14. Bxa3 Rxa3 15. Ne2 Na6 16. Nxa6 Bxa6 17. Qc3 c5 18. g4 b4 19. Qxc5 Qb7 20. gxh5 Rc8 21. Qd6 Ra2 22. Rd2 Bxe2 23. Rxe2 Ra6 24. Qxa6 Qxa6 25. Rg2 Qa1+ 0-1

[Event "Australian Masters (Women)"]
[Site "Melbourne"]
[Date "2015.01.16"]
[Round "5"]
[White "Richards, Heather"]
[Black "Ryjanova, Julia"]
[Result "1/2-1/2"]
[WhiteElo "2165"]
[BlackElo "2413"]
[PlyCount "166"]
[EventDate "2015.01.12"]
[EventType "tourn"]
[EventRounds "9"]
[EventCountry "AUS"]
[SourceTitle "CBM 164 Extra"]
[Source "ChessBase"]
[SourceDate "2015.03.02"]
[SourceVersion "1"]
[SourceVersionDate "2015.03.02"]
[SourceQuality "1"]

1. e4 c5 2. Nf3 Nc6 3. c3 d5 4. exd5 Qxd5 5. d4 Nf6 6. Be3 cxd4 7. cxd4 e6 8. Nc3 Qd6 9. a3 Be7 10. Bd3 0-0 11. 0-0 b6 12. Qe2 Bb7 13. Rad1 Rad8 14. Bb1 Qb8 15. Ng5 g6 16. Rfe1 Bd6 17. g3 Ne7 18. d5 Nexd5 19. Nxd5 Bxd5 20. Bd4 Be7 21. b4 Rd7 22. Be5 Qd8 23. Rd4 h6 24. Nh3 Nh7 25. Nf4 Ng5 26. Rd3 Bf6 27. h4 Nh7 28. h5 Bxe5 29. Qxe5 Qf6 30. Nxd5 exd5 31. Rxd5 Qxe5 32. Rdxe5 Ng5 33. Kg2 gxh5 34. Rh1 Kg7 35. Rxh5 Rfd8 36. Rh1 Rc7 37. Re2 Rc3 38. Ra2 Rd4 39. Bf5 a5 40. Rb1 Kf6 41. g4 Nf3 42. bxa5 bxa5 43. Rb5 Ra4 44. Bd7 Nh4+ 45. Kh2 Raxa3 46. Rxa5 Rh3+ 47. Kg1 Rxa5 48. Rxa5 Rd3 49. Bc8 Rc3 50. Bd7 Nf3+ 51. Kg2 Ne5 52. Bf5 h5 53. f4 Nxg4 54. Bxg4 hxg4 55. Rg5 Ke6 56. Re5+ Kd6 57. Rg5 f6 58. Rxg4 Ke6 59. Rg3 Rc2+ 60. Kh3 Kf5 61. Rf3 Rc8 62. Kg3 Rg8+ 63. Kf2 Ke4 64. f5 Rg5 65. Ke2 Rg2+ 66. Rf2 Rg3 67. Kd2 Ra3 68. Ke2 Ra2+ 69. Kf1 Ra5 70. Kg2 Ra3 71. Rf1 Re3 72. Rf2 Re1 73. Rf3 Ra1 74. Rf2 Ra8 75. Rf3 Rg8+ 76. Rg3 Rh8 77. Rf3 Rh5 78. Kg3 Rg5+ 79. Kf2 Rg4 80. Ke2 Rg2+ 81. Rf2 Rg1 82. Rf3 Rh1 83. Kf2 Rh5 1/2-1/2

[Event "Australian Masters (Women)"]
[Site "Melbourne"]
[Date "2015.01.12"]
[Round "1"]
[White "Richards, Heather"]
[Black "Quek, Shi Ning Kristine"]
[Result "1-0"]
[WhiteElo "2165"]
[BlackElo "1851"]
[PlyCount "73"]
[EventDate "2015.01.12"]
[EventType "tourn"]
[EventRounds "9"]
[EventCountry "AUS"]
[SourceTitle "CBM 164 Extra"]
[Source "ChessBase"]
[SourceDate "2015.03.02"]
[SourceVersion "1"]
[SourceVersionDate "2015.03.02"]
[SourceQuality "1"]

1. e4 c5 2. Nf3 e6 3. Qe2 Nc6 4. g3 Be7 5. Bg2 Nf6 6. 0-0 0-0 7. d3 d5 8. e5 Nd7 9. c4 Nb6 10. Nc3 a6 11. h4 Bd7 12. Bf4 Rc8 13. b3 h6 14. Nh2 Nd4 15. Qh5 Bc6 16. Ng4 Nf5 17. Nh2 Nd4 18. Rfe1 Be8 19. Qd1 Bc6 20. Ng4 Nf5 21. a4 Na8 22. cxd5 exd5 23. Bh3 Nc7 24. Nf6+ Bxf6 25. Bxf5 Be7 26. Bxh6 Ne6 27. Qg4 g6 28. Bxe6 Kh7 29. Bxf8 fxe6 30. Bxe7 Qxe7 31. Ne2 Rg8 32. Nf4 Bd7 33. Ra2 Qf7 34. Rae2 Bc8 35. f3 b6 36. Qg5 Rg7 37. h5 1-0